01317cam a22003734i 4500003000900000005001700009008004100026020001500067035002700082040003300109082001900142100003200161245008400193264006400277300003800341336002100379337002500400338002300425504002800448505029500476526001000771526001000781526001000791526001000801526000800811526000800819526000800827526000800835526000800843526000800851526000800859650002300867650005300890PE-LiUPU20250731173125.0150623s r 000 0 d a0664250688 a(Sirsi) i9780664250683 aPE-LiUPUbspacPE-LiUPUerda04a241.5bH512211 aHigginson, Richard,eautor.10aDilemmas :ba christian approach to moral decision making /cRichard Higginson. 1aLouisVille, Kentucky :bWestminster John Knox Press,c1988. a238 páginas ;c20 centímetros atext2rdacontent aunmediated2rdamedia avolume2rdacarrier aIncluye bibliografía.0 aDilemmas great and small. Two ethical theories. Back to the Bible. What have christians said?. Private and public morality. The primacy of virtue. The lesser of two evils?. Between rules and consequences. First-and second-order principles. A hierarchy of duties. The search for consistency. aSEG42 aSEG41 aSEG40 aSEG39 aP94 aP87 aP86 aP85 aP77 aP76 aP3504aÉtica cristiana.04aToma de decisionesxAspectos morales y éticos.